ბათუმის შოთა რუსთაველის სახელმწიფო უნივერსიტეტის ბიბლიოთეკა

Reinforced concrete design / (ბიბ.ჩანაწერი № 58346)

000 -LEADER
fixed length control field 01295cam a2200337 i 4500
001 - CONTROL NUMBER
control field 17763132
005 - DATE AND TIME OF LATEST TRANSACTION
control field 20211117150718.0
008 - FIXED-LENGTH DATA ELEMENTS--GENERAL INFORMATION
fixed length control field 130604s20142014maua 001 0 eng
010 ## - LIBRARY OF CONGRESS CONTROL NUMBER
LC control number 2013942026
Canceled/invalid LC control number 2013019031
020 ## - INTERNATIONAL STANDARD BOOK NUMBER
International Standard Book Number 9780132859295 (alk. paper)
041 ## - LANGUAGE CODE
Language code of text/sound track or separate title eng
080 ## - UNIVERSAL DECIMAL CLASSIFICATION NUMBER
Universal Decimal Classification number 691.2 A-25
100 1# - MAIN ENTRY--PERSONAL NAME
Personal name Limbrunner, George F.
9 (RLIN) 12945
245 10 - TITLE STATEMENT
Title Reinforced concrete design /
Statement of responsibility, etc. Abi O. Aghayere, P. Eng., Drexel University, George F. Limbrunner, PE, Hudson Valley Community College (emeritus).
250 ## - EDITION STATEMENT
Edition statement Eighth edition.
264 #1 - PRODUCTION, PUBLICATION, DISTRIBUTION, MANUFACTURE, AND COPYRIGHT NOTICE
Place of production, publication, distribution, manufacture Boston :
Name of producer, publisher, distributor, manufacturer Pearson,
Date of production, publication, distribution, manufacture, or copyright notice [2014]
264 #4 - PRODUCTION, PUBLICATION, DISTRIBUTION, MANUFACTURE, AND COPYRIGHT NOTICE
Date of production, publication, distribution, manufacture, or copyright notice ©2014
300 ## - PHYSICAL DESCRIPTION
Extent x, 302 pages :
Other physical details illustrations (some color) ;
Dimensions 29 cm
336 ## - CONTENT TYPE
Content type term text
Source rdacontent
337 ## - MEDIA TYPE
Media type term unmediated
Source rdamedia
338 ## - CARRIER TYPE
Carrier type term volume
Source rdacarrier
500 ## - GENERAL NOTE
General note Revision of: Reinforced concrete design / George F. Limbrunner, Abi O. Aghayere. 7th ed. 2010.
500 ## - GENERAL NOTE
General note Includes index.
650 #0 - SUBJECT ADDED ENTRY--TOPICAL TERM
Topical term or geographic name entry element Reinforced concrete.
9 (RLIN) 12946
653 ## - INDEX TERM--UNCONTROLLED
keyword Reinforced Concrete Design
653 ## - INDEX TERM--UNCONTROLLED
keyword სამშენებლო მასალები და ნაკეთობანი
653 ## - INDEX TERM--UNCONTROLLED
keyword Строительные материалы и изделия
700 1# - ADDED ENTRY--PERSONAL NAME
Personal name Aghayere, Abi O.
9 (RLIN) 12947
700 1# - ADDED ENTRY--PERSONAL NAME
Personal name Limbrunner, George F.
9 (RLIN) 12945
942 ## - ADDED ENTRY ELEMENTS (KOHA)
Source of classification or shelving scheme
Koha item type წიგნი
ეგზემპლარები
Withdrawn status Lost status Source of classification or shelving scheme Damaged status Not for loan Permanent Location Current Location Shelving location Date acquired Cost, normal purchase price Full call number Barcode Date last seen Copy number Price effective from Koha item type Public note
          ბათუმის შოთა რუსთაველის სახელმწიფო უნივერსიტეტის მთავარი ბიბლიოთეკა ბათუმის შოთა რუსთაველის სახელმწიფო უნივერსიტეტის მთავარი ბიბლიოთეკა წიგნსაცავი 2021-11-17 390.00 691.2 A-25 55437 2021-11-17 55437 2021-11-17 წიგნი 390.00 GEL.